God and man : questions and answers

Bibliographic Details
Main Author: F.S.A. Majeed
Format: Book
Published: Singapura : Ze Majeed's Publishing , 1992
Subjects:

MARC

LEADER 00000cam a2200000 7i4500
001 0000004500
002 000004848
005 20000330.0
020 |a 981002732X 
090 0 0 |a 297.21   |b FSA 
100 0 |a F.S.A. Majeed 
245 1 0 |a God and man :   |b questions and answers   |c F.S.A.Majeed 
260 |a Singapura :   |b Ze Majeed's Publishing ,   |c 1992 
300 |a 134p. ;   |c 21cm. 
650 0 0 |a God (Islam) 
999 |a 034571   |b BUKU   |c PINJAMAN   |e PERPUSTAKAAN KOMUNITI PETALING JAYA 
999 |a 034572   |b BUKU   |c PINJAMAN   |e PERPUSTAKAAN KOMUNITI PETALING JAYA 
999 |a 034573   |b BUKU   |c PINJAMAN   |e PERPUSTAKAAN KOMUNITI PETALING JAYA